Statistics for Atlanta Hawks 2017-18 Most Games Leading Team in Scoring

Click here to take the quiz!

General Stats

  • This quiz has been taken 51 times
  • The average score is 4 of 12

Answer Stats

PlayerGames% Correct
Dennis Schroder33
86%
John Collins3
81%
Kent Bazemore12
63%
Taurean Prince22
63%
Dewayne Dedmon1
53%
Ersan Ilyasova3
26%
Mike Muscala1
21%
Marco Belinelli4
19%
Andrew White1
9%
Damion Lee1
9%
Isaiah Taylor3
9%
Tyler Dorsey3
9%

Score Distribution

Percentile by Number Answered

Percent of People with Each Score

Your Score History

You have not taken this quiz